| 000 | 01724cam a2200289 4500 | ||
|---|---|---|---|
| 001 | ABS65764 | ||
| 008 | 020722n2002 000 0 eng u | ||
| 035 | _a(Sirsi) u118945 | ||
| 100 | _aCastorina, G | ||
| 245 | 4 | _aThe travel bug | |
| 260 | _c2002 | ||
| 490 |
_aEstates Gazette _v(0227) 6 July 2002, 136-137(2) |
||
| 520 | _aThe second part of a two part article on travellers discusses the position of the landowner and proposals to reform the unsatisfactory state of the law. Outlines measures available to landlords to deal with travellers including The Criminal Justice and Public Order Act 1994 and civil court action. The 1994 Act gave police powers to remove travellers from sites although in practice police often refuse to act, "R (on the application of Fuller) v Chief Constable of Dorset" (2001) being a rare exception. Civil court action is equally unsatisfactory with landowners having to bear substantial costs. Article looks at two reform proposals to improve the situation for landowners and travellers: the Trespassers on Land (Liability for Damage and Eviction) Bill which is before parliament; and the draft Traveller Law Reform Bill prepared by the Traveller Law Research Unit at Cardiff Law School. (For part one see ABS65612) | ||
| 590 | _aABS | ||
| 650 | _aTRAVELLERS | ||
| 650 | _aCARAVAN SITES ACT 1968 | ||
| 650 | _aTRESPASSERS | ||
| 650 | _aTRAVELLER LAW REFORM BILL | ||
| 650 | _aCRIMINAL JUSTICE AND PUBLIC ORDER ACT 1994 | ||
| 650 | _aR V CHIEF CONSTABLE OF DORSET EX P FULLER | ||
| 650 | _aLANDLORDS | ||
| 650 | _aTRESPASSERS ON LAND (LIABILITY FOR DAMAGE AND EVICTION) BILL | ||
| 650 | _aLANDOWNERS | ||
| 690 | _aPROPERTY | ||
| 700 | _aShelton, M | ||
| 942 | _n0 | ||
| 999 |
_c70781 _d70781 |
||